Real Madrid - Les 10 Plus Gros Salaires - Statistiques

Statistiques générales
  • Ce quiz a été pris 651 fois
  • Le résultat moyen est 12 sur 15
Statistiques - réponses
Rang Salaire Mensuel Nationalité Joueurs % Correct
3ème 1,82 millions Croatie Luka Modric
97%
1er 2,03 millions Allemagne Toni Kroos
95%
4ème. 1,74 millions Brésil Vinicius Junior
95%
4ème. 1,74 millions Angleterre Jude Bellingham
94%
2ème 1,88 millions Autriche David Alaba
93%
6ème 1,25 millions Belgique Thibaut Courtois
92%
8ème. 1,04 millions France Aurélien Tchouameni
90%
8ème. 1,04 millions France Eduardo Camavinga
90%
5ème 1,39 millions Uruguay Federico Valverde
90%
7ème 1,22 millions Allemagne Antonio Rüdiger
85%
8ème. 1,04 millions Brésil Rodrygo Goes
85%
9ème. 868 000 France Ferland Mendy
81%
9ème. 868 000 Espagne Daniel Carvajal
77%
9ème. 868 000 Espagne Daniel Ceballos
35%
10ème 782 000 Espagne Lucas Vazquez
34%
Aucun quiz correspondant
Distribution des résultats
% des personnes avec chaque résultat
Percentile par nombre de réponses
Votre historique - résultats
Vous n’avez pas pris ce quiz